000 03270cam a2200301 4500500
005 20260222002820.0
041 _afre
042 _adc
100 1 0 _aDesponds, Didier
_eauthor
245 0 0 _aEffets paradoxaux de la loi Solidarité et renouvellement urbains (sru) et profil des acquéreurs de biens immobiliers en Île-de-France
260 _c2010.
500 _a73
520 _aRésuméDans le contexte français, la notion de « mixité sociale » s’est imposée comme la réponse aux dynamiques de fragmentation urbaine et d’accentuation des inégalités territoriales. La loi sru de décembre 2000 en constitue le point d’orgue. Elle fixe des objectifs à atteindre en termes de logements sociaux, à l’échelle de la commune. Sur la période 2001-2005, les choix des acquéreurs de biens immobiliers ont évolué. Avec des héritages complexes résultant des politiques des années 1950/1960, les situations sont contrastées. La position des communes concentrant de forts taux de logements sociaux a-t-elle évolué, sur le plan des niveaux de prix comme sur celui des profils sociaux des acquéreurs ? L’étude se limite à la région Île-de-France, où les contrastes et les enjeux sont les plus forts.
520 _aThe French notion of “social mix” claims to be the answer to the dynamics of urban fragmentation and to the increase of territorial inequalities. The so-called sru Act (December 2000) represents its crowning achievement. The Act sets goals to reach in terms of social housing at city scale. The article evaluates how housing purchasers selected their property between 2001 and 2005. Did the ranking of cities with a high share of social housing change between 2001 and 2005 in terms of house prices and the social profile of housing purchasers? The investigation focus is the Ile-de-France Region, with its sharp contrasts and stakes.
520 _aResumenEn el contexto francés, la noción de mixidad social se impuso como una respuesta a las dinámicas de fragmentación urbana y de la acentuación de las disparidades territoriales, culminando en la ley sru de diciembre del 2000. Ella fija los objetivos a lograr en términos de vivienda social, a la escala de la comuna. Durante el periodo 2001-2005, la elección de los adquisidores de bienes muebles evolucionó. Con la herencia de complejos resultados de políticas de los años 50’s y 60’s, las situaciones son contrastadas. ¿ha evolucionado la posición de las comunas que concentran altas tasas de viviendas sociales, tanto en el precio como en los perfiles sociales de los adquisidores? El presente estudio se concentra en la región Île-de-France donde los contrastes y los intereses son sumamente importantes.
690 _aéquité territoriale
690 _aÎle-de-France
690 _amobilité résidentielle
690 _apolitique urbaine
690 _aségrégation
690 _aÎle-de-France region
690 _aresidential mobility
690 _asegregation
690 _aterritorial equity
690 _aurban policy
786 0 _nEspaces et sociétés | 140-141 | 1 | 2010-03-17 | p. 37-58 | 0014-0481
856 4 1 _uhttps://shs.cairn.info/revue-espaces-et-societes-2010-1-page-37?lang=fr&redirect-ssocas=7080
999 _c1666258
_d1666258